[Event "Match"]
[Site "www.echecsemail.com"]
[Date "2017.10.20"]
[Round "1"]
[White "Mokka0616"]
[Black "Cal"]
[WhiteElo "1459"]
[BlackElo "1710"]
[Result "0-1"]
[Round "1"]
1.e4 e5
2.c3 a6
3.Qd1f3 d6
4.Bf1c4 Ng8f6
5.h3 h6
6.g4 c5
7.d3 Bc8d7
8.Ng1e2 Nb8c6
9.a4 Bf8e7
10.g5 Nf6h7
11.gxh6 g6
 { time }
0-1

[Event "1/32 Finale"]
[Site "www.chess-mail.com"]
[Date "2017.10.20"]
[Round "1"]
[White "Cjood"]
[Black "Norlavuaram"]
[WhiteElo "1990"]
[BlackElo "2070"]
[Result "0-1"]
[Round "1"]
1.g3 g6
2.d4 Bf8g7
3.c4 Ng8f6
4.Bf1g2 O-O
5.Nb1c3 c6
6.e3 d5
7.c5 Nb8d7
8.Ng1e2 e5
9.Qd1c2 Rf8e8
10.b4 exd4
11.Ne2xd4 Nd7e5
12.O-O Ne5c4
13.a4 Nc4e5
14.f4 Ne5g4
15.Nc3d1 Nf6e4
16.b5 Bc8d7
17.Ra1b1 Ng4f6
18.b6 a6
19.Nd1f2 Re8e7
20.Bg2h3 Ne4xf2
21.Bh3xd7 Qd8xd7
22.Rf1xf2 Nf6e4
23.Rf2e2 Ra8e8
24.Qc2d3 h5
25.Nd4f3 Ne4c3
26.Re2g2 Nc3xb1
27.Qd3xb1 d4
28.Rg2d2 Re7xe3
29.Rd2f2 Re3e2
30.Bc1b2 d3
31.Bb2xg7 Kxg7
32.Nf3e5 Qd7d4
33.Ne5xd3 Re2d2
34.Kg2 Rd2xd3
35.Rf2a2 Qd4d5
 { time }
0-1

[Event "Fast Game"]
[Site "www.echecsemail.com"]
[Date "2017.10.20"]
[Round "1"]
[White "Tonino1"]
[Black "Leonger"]
[WhiteElo "1929"]
[BlackElo "2080"]
[Result "0-1"]
[Round "1"]
1.d4 f5
2.f4 Ng8f6
3.e3 c6
4.Bf1d3 c5
5.c3 e6
6.Ng1f3 Bf8e7
7.O-O O-O
8.Nb1d2 d5
9.Nf3e5 Nb8c6
10.Nd2f3 Bc8d7
11.Ne5xd7 Qd8xd7
12.Nf3e5 Nc6xe5
13.fxe5 Nf6e4
14.Bc1d2 Ra8c8
15.Bd2e1 Be7g5
16.Qd1e2 a6
17.Bd3xe4 dxe4
18.Be1g3 cxd4
19.exd4 Qd7d5
20.h4 Bg5e7
21.Qe2e3 Qd5b5
22.b3 Qb5e8
23.c4 Qe8h5
24.Qe3f4 g5
25.hxg5 Be7xg5
26.Qf4f2 f4
27.Bg3h2 Bg5h4
28.Qf2c2 Bh4g3
 { time }
0-1

[Event "Tourn. n9500"]
[Site "www.chess-mail.com"]
[Date "2017.10.21"]
[Round "1"]
[White "Vios"]
[Black "Michel93"]
[WhiteElo "1979"]
[BlackElo "1809"]
[Result "1-0"]
[Round "1"]
1.e4 c5
2.Ng1f3 a6
3.d4 cxd4
4.Nf3xd4 e5
5.Nd4f5 d5
6.Nf5g3 Ng8f6
7.Bc1g5 d4
8.Bf1c4 Bf8e7
9.O-O O-O
10.a4 Qd8b6
11.Bc4b3 Bc8e6
12.Bb3xe6 fxe6
13.Nb1d2 Qb6c6
14.c3  { time }
1-0

[Event "Tourn. n9493"]
[Site "www.chess-mail.com"]
[Date "2017.10.21"]
[Round "1"]
[White "Cjood"]
[Black "Ditto"]
[WhiteElo "1910"]
[BlackElo "1870"]
[Result "0-1"]
[Round "1"]
1.d4 d5
2.Nb1c3 c6
3.Bc1f4 Ng8f6
4.f3 Bc8f5
5.h3 e6
6.g4 Bf5g6
7.h4 h6
8.Bf1g2 Bf8b4
9.Qd1d2 O-O
10.g5 Nf6h5
11.Bf4h2 Nb8d7
12.gxh6 Nd7f6
13.hxg7 Kxg7
14.Bh2e5 Kg8
15.Bg2h3 Nf6d7
16.Be5f4 Qd8f6
17.Bf4g5 Qf6g7
18.Bg5h6 Qg7f6
19.Bh6xf8 Nd7xf8
20.O-O-O Nf8d7
21.Qd2g5 Qf6g7
22.Bh3g4 Nd7f6
23.Bg4xh5 Nf6xh5
24.Ng1h3 a5
25.Rh1g1 Bb4d6
26.e3 Bd6h2
27.Rg1g2 Bh2c7
28.Qg5e7 Ra8c8
29.Rd1g1 Qg7h7
30.Nh3g5 Qh7g7
 { time }
0-1

[Event "Tourn. n9558"]
[Site "www.chess-mail.com"]
[Date "2017.10.21"]
[Round "1"]
[White "Dussek"]
[Black "Theo64"]
[WhiteElo "1800"]
[BlackElo "1800"]
[Result "1-0"]
[Round "1"]
1.e4 e6
2.d4 c5
3.Ng1f3 g6
4.Nb1c3 cxd4
5.Nf3xd4 Bf8g7
6.Bc1e3 d5
7.Bf1d3 dxe4
8.Bd3xe4 Ng8f6
9.Be4f3  { time }
1-0

[Event "Tourn. n9519"]
[Site "www.chess-mail.com"]
[Date "2017.10.21"]
[Round "1"]
[White "Sbb"]
[Black "Bronstein70"]
[WhiteElo "2420"]
[BlackElo "2420"]
[Result "1-0"]
[Round "1"]
1.d4 f5
2.Bc1g5 g6
3.Nb1c3 Bf8g7
4.h4 Bg7f6
5.Qd1d2 Nb8c6
6.Ng1f3 Bf6g7
7.d5 Nc6e5
8.Nf3xe5 Bg7xe5
9.O-O-O Ng8f6
10.h5 Nf6xh5
11.d6 Be5xd6
12.e4 O-O
13.Bf1c4 Kh8
14.Nc3d5 Qd8e8
15.exf5 e6
16.Qd2d4 Kg8
17.g4 c5
18.Qd4c3 Nh5g7
19.f6 { resign }
1-0

[Event "Tourn. n9509"]
[Site "www.chess-mail.com"]
[Date "2017.10.21"]
[Round "1"]
[White "Jazzy"]
[Black "Seger"]
[WhiteElo "2280"]
[BlackElo "2700"]
[Result "0-1"]
[Round "1"]
1.d4 d5
2.Ng1f3 Ng8f6
3.e3 e6
4.Bf1d3 b6
5.O-O Bc8b7
6.c4 Bf8d6
7.cxd5 exd5
8.Qd1a4 Nb8d7
9.Nb1c3 O-O
10.Qa4c2 c5
11.Nc3b5 Bd6e7
12.b3 a6
13.Nb5c3 Ra8c8
14.a3 Be7d6
15.Bc1b2 g6
16.dxc5 bxc5
17.Qc2d2 d4
18.exd4 Bb7xf3
19.gxf3 cxd4
20.Nc3e4 Nf6xe4
21.fxe4 Bd6xh2
22.Kxh2 Qd8h4
23.Kg2 Qh4g4
24.Kh2 Rc8c5
25.Qd2h6 Rc5h5
26.Qh6xh5 Qg4xh5
{ resign }
0-1

[Event "Tourn. n9487"]
[Site "www.chess-mail.com"]
[Date "2017.10.21"]
[Round "1"]
[White "Churrasca"]
[Black "Sorim"]
[WhiteElo "1910"]
[BlackElo "1990"]
[Result "1-0"]
[Round "1"]
1.e4 c5
2.Ng1f3 Nb8c6
3.d4 cxd4
4.Nf3xd4 e6
5.Nb1c3 Ng8f6
6.Nd4xc6 bxc6
7.e5 Nf6d5
8.Nc3e4 Qd8h4
9.Ne4d6 Bf8xd6
10.exd6 Qh4b4
11.Bc1d2 Qb4xd6
12.Bf1e2 O-O
13.O-O Qd6c7
14.c4 Nd5f6
15.Rf1e1 d5
16.cxd5 cxd5
17.Ra1c1 Qc7b6
18.Bd2c3 Nf6e4
19.Bc3d4 Qb6b7
20.Be2d3 f5
21.f3 Ne4f6
22.Qd1a4 Bc8d7
23.Qa4d1 Ra8c8
24.Rc1xc8 Rf8xc8
25.Qd1e2 Kf7
26.Bd3a6 Qb7b4
27.Bd4c3 Qb4b6
28.Kh1 Rc8c6
29.Ba6d3 Rc6c7
30.Qe2e5 h6
31.g4 Qb6f2
32.Qe5xc7 Qf2xf3
33.Kg1 Qf3xd3
34.Bc3xf6 { resign }
1-0

[Event "Tourn. n9531"]
[Site "www.chess-mail.com"]
[Date "2017.10.21"]
[Round "1"]
[White "Falcoale"]
[Black "Begory"]
[WhiteElo "2000"]
[BlackElo "1809"]
[Result "1-0"]
[Round "1"]
1.e4 e5
2.Ng1f3 Bf8c5
3.Nb1c3 Nb8c6
4.a3 Ng8f6
5.b4 Bc5e7
6.b5 Nc6d4
7.Nf3xe5 d6
8.Ne5f3 Bc8g4
9.Bf1e2 Bg4xf3
10.Be2xf3 Qd8d7
11.O-O Nd4xb5
12.Bc1b2 Nb5xc3
13.Bb2xc3 O-O
14.d3 Nf6e8
15.Bf3g4 Qd7c6
16.Bc3d2 Ne8f6
17.Bg4f3 Qc6b6
18.Ra1b1 Qb6a6
19.Rb1b3 c6
20.Qd1b1 b5
21.c4 bxc4
22.dxc4 Qa6xc4
23.Rb3c3 Qc4b5
24.Qb1xb5 cxb5
25.Rc3b3 Rf8d8
26.Rb3xb5 Ra8b8
27.Rb5a5 Rb8b7
28.e5 dxe5
29.Bf3xb7 Rd8xd2
30.Ra5xa7 h6
31.a4 Be7c5
32.Ra7a8 Kh7
33.a5 Nf6e4
34.Bb7xe4 g6
35.a6 f5
36.Be4b7 e4
37.Ra8c8 g5
38.Rc8xc5 f4
39.Bb7xe4 Kg7
40.Rc5c7 { resign }
1-0

[Event "Tourn. n9543"]
[Site "www.chess-mail.com"]
[Date "2017.10.21"]
[Round "1"]
[White "Mancini"]
[Black "Jazzy"]
[WhiteElo "2470"]
[BlackElo "2240"]
[Result "1-0"]
[Round "1"]
1.e4 d6
2.d4 Ng8f6
3.Nb1c3 Nb8d7
4.Ng1f3 e5
5.Bf1c4 Bf8e7
6.O-O c6
7.a4 O-O
8.Rf1e1 Qd8c7
9.h3 Rf8e8
10.a5 Nd7f8
11.Nf3g5 Nf8e6
12.Ng5xe6 Bc8xe6
13.Bc4xe6 fxe6
14.dxe5 dxe5
15.Nc3b1 Ra8d8
16.Qd1e2 Rd8d4
17.Bc1e3 Rd4xe4
18.c3 Nf6d5
19.Nb1d2 Re4h4
20.Be3xa7 Rh4h6
21.Nd2c4 Nd5f4
22.Qe2xe5 Qc7xe5
23.Nc4xe5 Re8a8
24.Ba7e3 Rh6f6
25.Ne5d7 Rf6f7
26.Be3xf4 Rf7xf4
27.Re1xe6 Kf7
28.Ra1e1 Be7f6
29.Nd7xf6 Rf4xf6
30.Re6e7 Kg6
31.b4 Ra8b8
32.Re1d1 b5
33.Rd1d7 { resign }
1-0

[Event "Tourn. n9481"]
[Site "www.chess-mail.com"]
[Date "2017.10.21"]
[Round "1"]
[White "Falcoale"]
[Black "Roque1"]
[WhiteElo "2040"]
[BlackElo "1990"]
[Result "0-1"]
[Round "1"]
1.e4 c5
2.f4 e6
3.Ng1f3 d5
4.exd5 exd5
5.Bf1e2 Ng8f6
6.h3 Bf8d6
7.d3 O-O
8.O-O Nb8c6
9.Nb1c3 Bc8f5
10.Nc3b5 Nf6h5
11.Nb5xd6 Qd8xd6
12.Nf3e5 Nh5g3
13.Rf1f3 Nc6xe5
14.Rf3xg3 Ne5g6
15.Qd1f1 Ra8e8
16.b3 Re8e7
17.Kh1 Rf8e8
18.Bc1a3 Re7xe2
19.Rg3f3 Re2xc2
20.g3 Re8e2
21.Qf1d1 Bf5xh3
22.Ra1c1 Re2h2
23.Kg1 Rc2g2
24.Kf1 Rh2h1

0-1

[Event "Tourn. n9539"]
[Site "www.chess-mail.com"]
[Date "2017.10.21"]
[Round "1"]
[White "Cal"]
[Black "Dussek"]
[WhiteElo "1730"]
[BlackElo "1770"]
[Result "0-1"]
[Round "1"]
1.c4 c5
2.Nb1c3 Ng8f6
3.e4 Nb8c6
4.d3 e6
5.Ng1f3 Bf8d6
6.Bf1e2 O-O
7.h3 b6
8.O-O Qd8c7
9.Nc3b5 Qc7b8
10.a3 Bd6e7
11.Bc1g5 a6
12.Nb5c3 Bc8b7
13.b3 h6
14.Bg5xf6 Be7xf6
15.Nf3h2 Bf6xc3
16.f4 Bc3xa1
17.Qd1xa1 Nc6d4
18.Qa1b2 Nd4xe2
19.Qb2xe2 e5
20.f5 f6
21.Rf1f3 Qb8d6
22.g4 Qd6d4
23.Kg2 a5
24.h4 a4
25.g5 axb3
26.gxh6 gxh6
27.Qe2f1 Kf7
28.Rf3g3 Rf8g8
29.Rg3g6 Rg8xg6
30.Kh1 Rg6g7
31.Nh2f3 Qd4b2
32.Qf1h3 Ra8xa3
33.Nf3e1 Ra3a1
34.Qh3f1 Ra1a2
35.Qf1h3 Qb2e2
36.h5 Qe2xe1
37.Qh3f1 Qe1xf1
{ resign }
0-1

[Event "Tourn. n9499"]
[Site "www.chess-mail.com"]
[Date "2017.10.21"]
[Round "1"]
[White "Johnmcbride"]
[Black "Orhany24"]
[WhiteElo "2030"]
[BlackElo "2090"]
[Result "0-1"]
[Round "1"]
1.Nb1c3 d5
2.d4 Bc8f5
3.h3 Ng8f6
4.g4 Bf5g6
5.g5 Nf6e4
6.Bf1g2 f5
7.f4 e6
8.Bg2xe4 fxe4
9.e3 Bf8d6
10.Qd1e2 a6
11.Qe2g4 Bg6f5
12.Qg4h4 Nb8d7
13.a4 c5
14.dxc5 Bd6xc5
15.Ng1e2 Qd8b6
16.a5 Qb6c7
17.Ra1a4 Bc5e7
18.Rh1f1 Nd7c5
19.Ra4d4 g6
20.b4 Nc5d7
21.Qh4h6 Be7f8
22.Qh6h4 Bf8g7
23.Qh4g3 Bg7xd4
24.exd4 Qc7c4
25.Bc1a3 Ra8c8
26.Qg3h4 Kf7
27.Qh4h6 b6
28.Qh6h4 bxa5
29.bxa5 Rc8b8
30.Ba3d6 Rb8b2
31.Bd6e5 Nd7xe5
32.fxe5 Rb2xc2
33.Qh4g3 Qc4d3
34.Rf1f3 exf3
35.h4 fxe2
36.Qg3xd3 Bf5xd3
{ resign }
0-1

[Event "Match"]
[Site "www.echecsemail.com"]
[Date "2017.10.21"]
[Round "1"]
[White "Babedad"]
[Black "Jc7325"]
[WhiteElo "2140"]
[BlackElo "1499"]
[Result "1-0"]
[Round "1"]
1.b3 d5
2.Bc1b2 Ng8f6
3.e3 Nb8c6
4.Bf1b5 a6
5.Bb5xc6 bxc6
6.Ng1e2 g6
7.O-O Bf8g7
8.d4 O-O
9.Nb1d2 Ra8b8
10.c4 e6
11.Qd1c2 Nf6g4
12.h3 Ng4f6
13.Ne2c1 Rf8e8
14.Nc1d3 Bc8d7
15.Ra1c1 e5
16.Nd3xe5 dxc4
17.Ne5xd7 Qd8xd7
18.Qc2xc4 Nf6e4
19.Nd2xe4 Rb8b7
20.Ne4c5 Qd7c8
21.Nc5xb7 Qc8xb7
22.Qc4xc6 Qb7b8
23.Qc6xc7 Qb8a8
24.Rc1c4 Bg7f8
25.Rf1c1 { resign }
1-0

[Event "Match"]
[Site "www.echecsemail.com"]
[Date "2017.10.21"]
[Round "1"]
[White "Ssharp"]
[Black "Bojan"]
[WhiteElo "2210"]
[BlackElo "2010"]
[Result "1-0"]
[Round "1"]
1.e4 e5
2.f4 exf4
3.Bf1c4 Qd8h4
4.Kf1 Ng8f6
5.Ng1f3 Qh4h5
6.d4 Bf8e7
7.e5 Nf6e4
8.Bc1xf4 d6
9.Qd1e2 Ne4g5
10.Nf3xg5 Qh5xe2
11.Kxe2 O-O
12.Ng5f3 Rf8e8
13.Kf2 dxe5
14.Bf4xe5 c6
15.Be5xb8 Ra8xb8
16.Nb1d2 Be7f6
17.c3 b5
18.Bc4d3 a6
19.Ra1e1 Bc8e6
20.a3 Rb8d8
21.Nd2e4 Bf6e7
22.Re1e3 h6
23.b4 Be6c8
24.Rh1e1 Re8f8
25.Nf3e5 Bc8b7
26.Bd3b1 g6
27.Bb1a2 g5
28.Ne5g6 Kg7
29.Ng6xe7 { resign }
1-0

[Event "Match"]
[Site "www.echecsemail.com"]
[Date "2017.10.21"]
[Round "1"]
[White "Gidi5"]
[Black "Whitekknight"]
[WhiteElo "2059"]
[BlackElo "1950"]
[Result "1-0"]
[Round "1"]
1.e4 e5
2.Ng1f3 Nb8c6
3.Bf1c4 h6
4.d4 exd4
5.O-O Ng8f6
6.e5 Nf6g4
7.Rf1e1 Bf8c5
8.h3 h5
9.hxg4 hxg4
10.Nf3g5 O-O
11.Qd1d3 { resign }
1-0

[Event "Match"]
[Site "www.echecsemail.com"]
[Date "2017.10.21"]
[Round "1"]
[White "Gidi5"]
[Black "Cristiano"]
[WhiteElo "1499"]
[BlackElo "1710"]
[Result "1-0"]
[Round "1"]
1.e4 e5
2.Ng1f3 Nb8c6
3.Bf1c4 Bf8e7
4.O-O Ng8f6
5.d4 exd4
6.e5 Nf6e4
7.Bc4d5 Ne4c5
8.Bd5xc6 dxc6
9.Qd1xd4 Qd8xd4
10.Nf3xd4 Bc8e6
11.Nd4xe6 Nc5xe6
12.Bc1e3 O-O
13.Nb1c3 a6
14.f4 f5
15.Ra1d1 Ra8d8
16.Rd1xd8 Rf8xd8
17.Rf1d1 Rd8xd1
18.Nc3xd1 c5
19.Kf2 Kf7
20.Ke2 c6
21.b3 g6
22.Nd1b2 b5
23.Kd3 h6
24.c4 g5
25.g3 g4
26.cxb5 cxb5
27.a4 h5
28.Nb2d1 Ne6c7
29.axb5 axb5
30.Nd1f2 Ke6
31.Nf2d1 Nc7d5
32.Be3d2 Be7d8
33.Nd1e3 h4
34.Ne3c2 h3
35.Nc2a3 b4
36.Na3c4 Bd8c7
37.Bd2e3 Nd5xe3
38.Nc4xe3 Bc7b6
39.Kc4 Kd7
40.Ne3xf5 { resign }
1-0

[Event "Match"]
[Site "www.echecsemail.com"]
[Date "2017.10.21"]
[Round "1"]
[White "Joaodelisboa"]
[Black "Mdesouza"]
[WhiteElo "1899"]
[BlackElo "2250"]
[Result "1/2-1/2"]
[Round "1"]
1.e4 c5
2.Ng1f3 Nb8c6
3.d4 cxd4
4.Nf3xd4 e5
5.Nd4xc6 bxc6
6.Bf1c4 Bc8a6
7.Bc4xa6 Qd8a5
8.Nb1c3 Qa5xa6
9.Qd1e2 Qa6xe2
10.Nc3xe2 Ng8f6
11.Ne2g3 Bf8b4
12.c3 Bb4a5
{ draw }
1/2-1/2

[Event "Match"]
[Site "www.echecsemail.com"]
[Date "2017.10.21"]
[Round "1"]
[White "Tonino1"]
[Black "Gimmyg"]
[WhiteElo "2170"]
[BlackElo "2480"]
[Result "0-1"]
[Round "1"]
1.d4 Ng8f6
2.f4 c5
3.e3 cxd4
4.exd4 d5
5.Bf1d3 g6
6.Ng1f3 Nb8c6
7.c3 Bf8g7
8.Nb1d2 Qd8d6
9.Nf3e5 O-O
10.O-O a5
11.a4 Bc8f5
12.Bd3xf5 gxf5
13.Qd1f3 Qd6c7
14.Nd2b3 Nf6e4
15.Bc1e3 e6
16.Ra1c1 Qc7b6
17.Qf3d1 Nc6xe5
18.fxe5 Bg7xe5
19.Kh1 Be5d6
20.Rc1b1 Qb6d8
21.Qd1h5 Kh8
22.Rf1f3 Qd8f6
23.Rf3h3 Qf6g6
24.Qh5f3 f4
25.Be3g1 Ne4g5
26.Qf3h5 Qg6xb1
27.Qh5xg5 Rf8g8
28.Qg5f6 Rg8g7
29.Nb3xa5 Qb1xb2
30.Rh3h5 Qb2xg2

0-1

[Event "Match"]
[Site "www.echecsemail.com"]
[Date "2017.10.21"]
[Round "1"]
[White "Tonino1"]
[Black "Cal"]
[WhiteElo "2170"]
[BlackElo "1730"]
[Result "1-0"]
[Round "1"]
1.d4 d5
2.f4 Ng8f6
3.e3 a6
4.Bf1d3 Bc8g4
5.Ng1f3 h6
6.Nb1d2 e6
7.O-O Bf8b4
8.c3 Bb4a5
9.Qd1a4 c6
10.Nf3e5 Ba5c7
11.Ne5xg4 O-O
12.Ng4xf6 Qd8xf6
13.Nd2f3 Nb8d7
14.Nf3e5 Bc7xe5
15.fxe5 Qf6e7
16.e4 dxe4
17.Bd3xe4 f5
18.exf6 Nd7xf6
19.Be4g6 b5
20.Qa4b3 Ra8d8
21.Bc1f4 Nf6d5
22.Bf4d2 Rf8f6
23.Rf1xf6 Qe7xf6
24.Bg6e4 Kh8
25.Ra1f1 Qf6e7
26.Be4xd5 cxd5
27.Bd2f4 Qe7e8
28.Bf4e5 Qe8h5
29.Qb3a3 Qh5e2
30.Rf1f8 Rd8xf8
31.Qa3xf8 Kh7
32.Qf8xg7 
1-0

[Event "Match"]
[Site "www.echecsemail.com"]
[Date "2017.10.21"]
[Round "1"]
[White "Jackbauer"]
[Black "Cjood"]
[WhiteElo "1950"]
[BlackElo "1920"]
[Result "1-0"]
[Round "1"]
1.e4 e5
2.f4 exf4
3.Ng1f3 c6
4.d4 Qd8c7
5.Bf1c4 Ng8h6
6.h3 Bf8e7
7.Nb1c3 O-O
8.O-O b5
9.Bc4b3 a5
10.a4 b4
11.Nc3e2 Bc8a6
12.Bc1xf4 Ba6xe2
13.Bf4xc7 Be2xd1
14.Ra1xd1 Ra8a7
15.Bc7f4 c5
16.Bf4xh6 gxh6
17.Nf3h4 Be7xh4
18.Rf1f3 cxd4
19.Rd1xd4 Nb8c6
20.Rd4d5 Nc6e7
21.Rd5h5 Ne7g6
22.Rh5xh6 Bh4g5
23.Rh6h5 Bg5c1
24.c3 Bc1xb2
25.cxb4 axb4
26.Rh5b5 Bb2c3
27.g3 Ng6e5
28.Rf3f5 d6
29.Rf5f6 Rf8d8
30.Rb5d5 Ra7a6
31.Kg2 Ne5g6
32.Rf6f3 Rd8e8
33.Rd5f5 Ra6a7
34.Rf3e3 Bc3d4
35.Re3e2 Bd4e5
36.h4 Re8c8
37.h5 Ng6f8
38.Re2f2 Rc8c7
39.g4 h6
40.g5 hxg5
41.Rf5xg5  { time }
1-0

[Event "Match"]
[Site "www.echecsemail.com"]
[Date "2017.10.21"]
[Round "1"]
[White "Luke1302"]
[Black "Eulero76"]
[WhiteElo "1290"]
[BlackElo "1499"]
[Result "0-1"]
[Round "1"]
1.e4 c5
2.d3 d5
3.Bc1d2 dxe4
4.dxe4 Nb8c6
5.g3 Ng8f6
6.Bf1g2 g6
7.Qd1e2 Nc6d4
8.Qe2d1 Bf8g7
9.Nb1a3 O-O
10.c3 Nd4c6
11.e5 Nc6xe5
12.Bg2e4 Nf6xe4
13.Qd1e2 Ne5d3
14.Kf1 Ne4xf2
15.Qe2f3 Bc8g4
16.Qf3xb7 Nf2xh1
17.Bd2g5 Ra8b8
18.Qb7e4 Rb8xb2
19.Ra1d1 Rb2f2

0-1

[Event "Match"]
[Site "www.echecsemail.com"]
[Date "2017.10.21"]
[Round "1"]
[White "Mokka0616"]
[Black "Dussek"]
[WhiteElo "1459"]
[BlackElo "1790"]
[Result "0-1"]
[Round "1"]
1.e4 e6
2.c3 Nb8c6
3.d4 g6
4.e5 d6
5.Bc1f4 Bf8g7
6.Qd1f3 Ng8e7
7.Nb1d2 dxe5
8.dxe5 O-O
9.h4 h5
10.b4 Nc6xe5
11.Bf4xe5 Bg7xe5
12.O-O-O Ne7d5
13.Nd2e4 Qd8e7
14.g4 Be5f4
15.Kc2 Kg7
16.Ng1e2 e5
 { time }
0-1

[Event "1/128 Finale"]
[Site "www.chess-mail.com"]
[Date "2017.10.21"]
[Round "1"]
[White "Apdash"]
[Black "Bevittsmith"]
[WhiteElo "2210"]
[BlackElo "2230"]
[Result "1/2-1/2"]
[Round "1"]
1.e4 e6
2.d4 d5
3.exd5 exd5
4.Ng1f3 Ng8f6
5.c4 Bc8e6
6.cxd5 Nf6xd5
7.Nb1c3 Bf8e7
8.Bf1e2 Nb8d7
9.Nc3xd5 Be6xd5
10.O-O O-O
11.Bc1f4 Nd7f6
12.Ra1c1 Be7d6
13.Bf4xd6 Qd8xd6
14.b3 Rf8d8
15.Qd1c2 c6
16.Nf3e5 Bd5e4
17.Qc2c4 Be4d5
18.Qc4c2 Bd5e4
{ draw }
1/2-1/2

[Event "Eq:SIETE ESTRELLAS VERDES-Tigers of Istanbul : "]
[Site "www.chess-mail.com"]
[Date "2017.10.21"]
[Round "1"]
[White "Geretree"]
[Black "Caspito"]
[WhiteElo "1940"]
[BlackElo "1870"]
[Result "0-1"]
[Round "1"]
1.e4 e5
2.Ng1f3 Nb8c6
3.Nb1c3 Ng8f6
4.Bf1b5 d6
5.d4 a6
6.Bb5a4 b5
7.Ba4b3 Bc8g4
8.h3 Bg4h5
9.g4 Bh5g6
10.d5 Nc6a7
11.Bc1g5 Bf8e7
12.Bg5xf6 Be7xf6
13.h4 h6
14.Qd1d2 a5
15.a3 a4
16.Bb3a2 Ra8b8
17.O-O-O Rb8b6
18.g5 Bf6e7
19.Qd2e3 hxg5
20.hxg5 Kd7
21.Rd1g1 Qd8b8
22.Nf3h4 b4
23.Nh4xg6 fxg6
24.Nc3xa4 Rb6b7
25.Qe3f3 bxa3
26.Qf3xa3 Rh8xh1
27.Rg1xh1 Be7xg5
28.Kd1 Na7b5
29.Qa3h3 Kd8
30.Qh3e6 Bg5h6
31.Qe6xg6 Nb5d4
32.b3 c5
33.Na4c3 Kc7
34.Qg6f7 Kb6
35.Qf7g6 Qb8f8
36.Rh1f1 Qf8f3
{ resign }
0-1

[Event "Eq:SIETE ESTRELLAS VERDES-Super Chess Team : "]
[Site "www.chess-mail.com"]
[Date "2017.10.21"]
[Round "1"]
[White "Antuan72"]
[Black "Paco"]
[WhiteElo "2020"]
[BlackElo "1910"]
[Result "1/2-1/2"]
[Round "1"]
1.e4 e5
2.Ng1f3 Nb8c6
3.Bf1b5 Qd8f6
4.c3 a6
5.Bb5a4 Qf6g6
6.O-O d6
7.Ba4c2 Bc8h3
8.Nf3h4 Qg6g4
9.Qd1xg4 Bh3xg4
10.d3 Bf8e7
11.Nh4f5 Be7f6
12.Nb1d2 g6
13.Nf5g3 h5
14.f3 h4
15.fxg4 hxg3
{ draw }
1/2-1/2

[Event "Fast Game"]
[Site "www.echecsemail.com"]
[Date "2017.10.21"]
[Round "1"]
[White "Claudia"]
[Black "Tonino1"]
[WhiteElo "1900"]
[BlackElo "1909"]
[Result "1-0"]
[Round "1"]
1.e4 d6
2.d4 Ng8f6
3.Nb1c3 g6
4.f3 Bf8g7
5.Bc1e3 O-O
6.Qd1d2 Rf8e8
7.g4 e5
8.d5 a5
9.h4 h5
10.gxh5 Nf6xh5
11.Ng1e2 Kh7
12.O-O-O Nb8a6
13.Bf1h3 Bc8xh3
14.Rh1xh3 f5
15.exf5 gxf5
16.Be3g5 Qd8d7
17.f4 e4
18.Ne2g3 Nh5xg3
19.Rh3xg3 Na6b4
20.Qd2e2 Bg7xc3
21.bxc3 Nb4xa2
22.Kb2 Qd7a4
23.Qe2h5 Kg8
24.Bg5e7  { time }
1-0

[Event "Tourn. n9540"]
[Site "www.chess-mail.com"]
[Date "2017.10.22"]
[Round "1"]
[White "Bojan"]
[Black "Cjood"]
[WhiteElo "2000"]
[BlackElo "2000"]
[Result "1-0"]
[Round "1"]
1.e4 g6
2.c3 Bf8g7
3.Qd1b3 d6
4.d4 b6
5.Bf1c4 e6
6.Ng1f3 Bc8b7
7.Bc4d3 Ng8e7
8.Bc1e3 Nb8d7
9.Nb1d2 c5
10.Bd3b5 a6
11.Bb5d3 cxd4
12.Nf3xd4 e5
13.Nd4f3 O-O
14.h4 b5
15.h5 Bg7f6
16.hxg6 Ne7xg6
17.O-O-O Ra8b8
18.g3 Nd7c5
19.Qb3c2 Nc5xd3
20.Qc2xd3 Bf6e7
21.Rh1h6 Kg7
22.Rd1h1 Rf8h8
23.Rh6h5 Be7f6
24.Nf3g5 h6
25.Ng5f3 Bf6g5
26.Nf3xg5 hxg5
27.f4 gxf4
28.gxf4 Rh8xh5
29.Rh1xh5 exf4
30.Be3d4 f6
31.Rh5f5 Bb7c8
32.Rf5xf6 Kh6
33.Qd3f1  { time }
1-0

[Event "Tourn. n9466"]
[Site "www.chess-mail.com"]
[Date "2017.10.22"]
[Round "1"]
[White "Lucaschess"]
[Black "Ffdd65"]
[WhiteElo "2110"]
[BlackElo "2100"]
[Result "1/2-1/2"]
[Round "1"]
1.e4 e5
2.Ng1f3 d6
3.d4 Nb8c6
4.dxe5 dxe5
5.Qd1xd8 Kxd8
6.Nf3g5 Ng8h6
7.Bf1c4 f6
8.Ng5e6 Bc8xe6
9.Bc4xe6 Nc6d4
10.Be6b3 Bf8c5
11.Bc1xh6 gxh6
12.Nb1d2 b5
13.c3 Nd4xb3
14.Nd2xb3 Bc5b6
15.Ra1d1 Ke7
16.Rd1d3 Rh8g8
17.Rd3g3 Rg8g6
18.Ke2 Ra8d8
19.f3 Rd8g8
20.Rg3xg6 hxg6
21.Rh1d1 a5
22.a3 c5
23.Nb3d2 Rg8d8
24.c4 b4
25.a4 Rd8d4
26.b3 Ke6
{ draw }
1/2-1/2

[Event "Tourn. n9518"]
[Site "www.chess-mail.com"]
[Date "2017.10.22"]
[Round "1"]
[White "Francesco"]
[Black "Jesmantiz"]
[WhiteElo "2130"]
[BlackElo "2220"]
[Result "0-1"]
[Round "1"]
1.e4 c6
2.d4 d6
3.c4 g6
4.Nb1c3 Bf8g7
5.Ng1f3 e6
6.Bc1g5 Ng8e7
7.Bf1e2 h6
8.Bg5h4 g5
9.Bh4g3 Ne7g6
10.O-O O-O
11.Ra1c1 f5
12.exf5 exf5
13.h3 Qd8f6
14.d5 c5
15.Rf1e1 a6
16.Be2d3 f4
17.Bg3h2 Ng6e5
18.Nf3xe5 dxe5
19.Nc3e4 Qf6b6
20.b3 Bc8d7
21.f3 Bd7f5
22.Kh1 Nb8d7
23.Bh2g1 Qb6g6
24.Ne4xc5 Nd7xc5
25.Bd3xf5 Qg6xf5
26.Bg1xc5 Rf8e8
27.Rc1c2 Ra8c8
28.Bc5a3 e4
29.fxe4 Re8xe4
30.Re1xe4 Qf5xe4
31.Rc2e2 Qe4f5
32.Qd1e1 f3
33.gxf3 Qf5xf3
34.Kg1 Bg7d4
35.Kh2 Qf3f4
36.Qe1g3 b5
37.Qg3xf4 gxf4
38.Kg2 bxc4
39.bxc4 Rc8xc4
40.Re2e8 Kg7
41.Re8e7 Kg6
42.Re7e6 Kf5
43.Re6xa6 Rc4c2
44.Kf3 Rc2f2
{ resign }
0-1

[Event "Tourn. n9445"]
[Site "www.chess-mail.com"]
[Date "2017.10.22"]
[Round "1"]
[White "Pdebonis"]
[Black "Szustan"]
[WhiteElo "2700"]
[BlackElo "2550"]
[Result "1-0"]
[Round "1"]
1.d4 d5
2.c4 dxc4
3.Ng1f3 Ng8f6
4.e3 e6
5.Bf1xc4 c5
6.Qd1e2 a6
7.O-O b5
8.Bc4d3 cxd4
9.exd4 Bf8e7
10.a4 b4
11.Bc1e3 Bc8b7
12.Nb1d2 O-O
13.Ra1c1 Nb8d7
14.Be3f4 Nf6d5
15.Bf4g3 Nd7f6
16.Nd2b3 Nf6h5
17.Qe2c2 g6
18.Nb3c5 Nh5xg3
19.hxg3 Qd8c7
20.Qc2e2 Be7xc5
21.dxc5 Nd5e7
22.Bd3e4 Bb7c6
23.Rf1e1 Rf8d8
24.Nf3g5 a5
25.Qe2c4 Rd8d7
26.Be4xc6 Ne7xc6
27.Qc4h4 h5
28.Ng5e4 Rd7d4
29.Qh4f6 Ra8f8
30.Ne4d6 Qc7d8
31.Qf6f3 Nc6e7
32.Re1d1 Rd4xd1
33.Rc1xd1 Ne7d5
34.Qf3e2 Qd8c7
35.Rd1c1 Rf8d8
36.Qe2a6 Kg7
37.Qa6c4 Kg8
38.b3 Nd5e7
39.Kh2 Ne7d5
40.Nd6b5 Qc7c6
41.Qc4h4 Rd8f8
42.Qh4g5 Kh7
43.Qg5e5 Rf8c8
44.Nb5d6 Rc8c7
45.Rc1c4 f6
46.Qe5xe6 Rc7e7
47.Qe6h3 f5
48.Qh3h4 Re7e2
49.Qh4d8 Kg7
50.f3 Nd5f6
51.Rc4e4 { resign }
1-0

[Event "Tourn. n9445"]
[Site "www.chess-mail.com"]
[Date "2017.10.22"]
[Round "1"]
[White "Marbachess"]
[Black "Szustan"]
[WhiteElo "2590"]
[BlackElo "2550"]
[Result "1/2-1/2"]
[Round "1"]
1.f4 d5
2.b3 Bc8g4
3.Bc1b2 Nb8c6
4.d4 Ng8f6
5.Ng1f3 e6
6.e3 Bf8d6
7.Bf1d3 O-O
8.h3 Bg4f5
9.g4 Bf5xd3
10.cxd3 Nc6e7
11.Nb1c3 c5
12.O-O cxd4
13.Nf3xd4 Bd6c5
14.Nc3e2 Nf6d7
15.Qd1d2 a5
16.Bb2c3 Rf8e8
17.a3 e5
18.fxe5 Nd7xe5
19.Bc3b2 Ne7g6
20.Ra1c1 Bc5b6
21.Nd4f5 Ng6h4
22.Bb2xe5 Re8xe5
23.Ne2g3 Nh4xf5
24.Ng3xf5 Qd8f8
25.d4 Re5e6
26.a4 g6
27.Nf5h4 Ra8c8
28.Rc1xc8 Qf8xc8
29.Nh4g2 Bb6c7
30.Ng2f4 Bc7xf4
31.exf4 Qc8e8
32.Kf2 Qe8e7
33.g5 Qe7a3
34.Rf1e1 Re6xe1
35.Qd2xe1 Qa3b2
36.Qe1e2 Qb2xd4
37.Qe2e3 Qd4e4
38.Qe3xe4 dxe4
39.Ke3 { draw }
1/2-1/2

[Event "Tourn. n9437"]
[Site "www.chess-mail.com"]
[Date "2017.10.22"]
[Round "1"]
[White "Obisporey"]
[Black "Jose"]
[WhiteElo "2590"]
[BlackElo "2800"]
[Result "1/2-1/2"]
[Round "1"]
1.e4 c5
2.Ng1f3 e6
3.d4 cxd4
4.Nf3xd4 Nb8c6
5.Nb1c3 Qd8c7
6.a3 a6
7.Bc1e3 Ng8f6
8.f4 d5
9.e5 Nf6d7
10.Qd1d2 Nc6xd4
11.Be3xd4 Bf8c5
12.Bd4xc5 Nd7xc5
13.O-O-O Ra8b8
14.h4 b5
15.b4 Nc5d7
16.h5 O-O
17.h6 g6
18.Bf1e2 Nd7b6
19.Qd2d4 Bc8b7
20.Rh1h3 Rf8c8
21.g4 Bb7a8
22.g5 Qc7e7
23.Be2f1 Qe7e8
24.Qd4e3 Ba8c6
25.Nc3e2 a5
26.bxa5 Nb6c4
27.Qe3c3 Rb8a8
28.Ne2d4 Nc4xa5
29.Qc3b2 Ra8b8
30.Qb2b4 Na5c4
31.Rh3g3 Qe8d8
32.Bf1xc4 bxc4
33.Qb4c3 Bc6a4
34.Kd2 Rb8b6
35.Rg3g1 Rc8b8
36.Qc3a5 Qd8e8
37.Rg1g3 Rb6b2
38.Rd1c1 Rb2a2
39.Qa5c7 Kh8
40.Qc7a5 Qe8d7
41.Rg3g1 Ra2b2
42.Rg1e1 Kg8
43.Re1g1 Qd7e8
44.Rg1g3 Rb8a8
45.Qa5c7 Qe8f8
46.Rc1a1 Ra8b8
{ draw }
1/2-1/2